000 01446nam a2200361Ia 4500
001 ebr10661551
003 CaPaEBR
006 m u
007 cr cn|||||||||
008 110308s2011 nyuab sb 001 0 eng d
010 _z 2011010152
020 _z1612099963
020 _z9781611222753
020 _z9781612099965
040 _aCaPaEBR
_cCaPaEBR
035 _a(OCoLC)776163215
050 1 4 _aRA644.8.D44
_bN66 2011eb
082 0 4 _a614.5
_223
245 0 0 _aNon-communicable diseases (NCDs) in developing countries
_h[electronic resource] /
_cNancy Phaswana-Mafuya and Dimitri Tassiopoulos, editors.
260 _aNew York :
_bNova Science Publishers,
_cc2011.
300 _axii, 250 p. :
_bill., maps.
490 1 _aPublic health in the 21st century
504 _aIncludes bibliographical references and index.
533 _aElectronic reproduction.
_bPalo Alto, Calif. :
_cebrary,
_d2013.
_nAvailable via World Wide Web.
_nAccess may be limited to ebrary affiliated libraries.
650 0 _aChronic diseases
_zDeveloping countries.
650 0 _aDiseases
_zDeveloping countries.
655 7 _aElectronic books.
_2local
700 1 _aPhaswana-Mafuya, Nancy.
700 1 _aTassiopoulos, Dimitri.
710 2 _aebrary, Inc.
830 0 _aPublic health in the 21st century series.
856 4 0 _uhttp://site.ebrary.com/lib/rucke/Doc?id=10661551
_zAn electronic book accessible through the World Wide Web; click to view
999 _c170326
_d170326